Death, dying, and the biological revolution : our last quest for responsibility /

Bibliographic Details
Main Author: Veatch, Robert M.
Format: Book
Language:English
Published: New Haven : Yale University Press, 1976.
Subjects:

MARC

Tag First Indicator Second Indicator Subfields
LEADER 00000cam a2200000 i 4500
001 in00000337366
005 20151011055201.0
008 761129s1976 ctu b 00110 eng
010 |a  75043337  
020 |a 0300019491 :  |c $12.95 
035 |a (OCoLC)02553227 
035 |9 ABM2411AM 
040 |a DLC  |c DLC  |d CHS  |d TXA  |d UtOrBLW 
043 |a n-us--- 
049 |a TXAM  |c 2 [1434022] 
050 0 0 |a R726  |b .V4 
082 0 |a 174/.24 
096 |a W 50 V394d 1976 
100 1 |a Veatch, Robert M. 
245 1 0 |a Death, dying, and the biological revolution :  |b our last quest for responsibility /  |c Robert M. Veatch. 
264 1 |a New Haven :  |b Yale University Press,  |c 1976. 
300 |a ix, 323 pages ;  |c 25 cm. 
336 |a text  |b txt  |2 rdacontent 
337 |a unmediated  |b n  |2 rdamedia 
338 |a volume  |b nc  |2 rdacarrier 
500 |a Includes index. 
504 |a Bibliography: pages 307-318. 
650 0 |a Terminal care  |x Moral and ethical aspects. 
650 0 |a Medical policy  |z United States. 
650 0 |a Death. 
650 2 |a Attitude to Death. 
650 2 |a Death. 
650 2 |a Ethics, Medical. 
650 2 |a Philosophy, Medical. 
650 2 |a Terminal Care. 
999 |a MARS 
999 f f |s 6231ed2f-f82d-387a-9625-16182d34e850  |i 71e4ed1c-00fb-3f5b-a079-3e3bdc2eba70  |t 0 
952 f f |p ric  |a Texas A&M University  |b Rellis Campus  |c Joint Library Facility  |d Remote Storage  |t 0  |e R726 .V4  |h Library of Congress classification  |i unmediated -- volume  |m A14805058259 
998 f f |a R726 .V4  |t 0  |l Remote Storage